000 01746cam a2200337 a 4500
999 _c4476
_d4476
001 b18329160
003 OSt
005 20250225085816.0
008 030210r20032001nyu 000 1 eng d
010 _a02095642
020 _a9780345457370 (pbk.)
020 _a0345457374 (pbk.)
040 _aPCCU
_beng
_cPCCU
_dKH8
042 _anbic
082 _aFIC TAN
100 1 _aTan, Amy,
_eauthor.
245 1 4 _aThe bonesetter's daughter /
_cAmy Tan.
250 _a1st Ballantine Trade Books ed.
260 _aNew York :
_bBallantine Books,
_c2003.
300 _a368 p., [14] p. ;
_c21 cm.
500 _aIncludes "A Reader's guide," [14] p.
500 _aOriginally published: New York : G.P. Putnams, 2001.
520 _aRuth Young and her widowed mother, LuLing, have always had a tumultuous relationship. Now, before she succumbs to forgetfulness, LuLing gives Ruth some of her writings, which reveal a side of LuLing that Ruth has never known. . . . In a remote mountain village where ghosts and tradition rule, LuLing grows up in the care of her mute Precious Auntie as the family endures a curse laid upon a relative known as the bonesetter. When headstrong LuLing rejects the marriage proposal of the coffinmaker, a shocking series of events are set in motion–all of which lead back to Ruth and LuLing in modern San Francisco. The truth that Ruth learns from her mother’s past will forever change her perception of family, love, and forgiveness.
650 0 _aChinese American families
_vFiction.
650 0 _aChinese American women
_vFiction.
650 0 _aMothers and daughters
_vFiction.
650 0 _aWomen immigrants
_vFiction.
650 0 _aWomen
_zChina
_vFiction.
651 0 _aChina
_vFiction.
942 _2ddc
_cFIC